Statistiques concernant Modèle le plus vendu par marque

Cliquez ici pour prendre le quiz!

Statistiques générales

  • Ce quiz a été pris 124 fois
  • Le résultat moyen est 9 sur 20

Statistiques - réponses

HintRéponse% Correct
RenaultClio
84%
Porsche911
77%
AudiA3
77%
Fiat500
76%
VolkswagenGolf
75%
Peugeot208
73%
CitroënC3
71%
OpelCorsa
71%
MercedesClasse-C
57%
BMWSérie 3
50%
SuzukiSwift
48%
HondaCivic
47%
SeatLeon
47%
LamborghiniUrus
47%
SkodaOctavia
26%
FerrariPortofino
7%
KiaRio
7%
HyundaiElantra
0%
NissanSentra
0%
FordSérie F
0%

Distribution des résultats

Percentile par nombre de réponses

% des personnes avec chaque résultat

Votre développement - résultats

Vous n’avez pas pris ce quiz